000 00937nam a2200313Ia 4500
003 OSt
005 20220912144843.0
006 a|||||r|||| 00| 0
007 ta
008 220909b |||||||| |||| 00| 0 eng d
020 _a818930416X
024 _a88437
037 _b206, 17/12/2009, Aviva Books Company
037 _cTextual
040 _aCSL
_beng
_cCSL
041 _aeng
082 _aU188, P6
100 _aA Ganesh
245 0 _aGPS principles and applications
260 _aDelhi
_bSatish Serial Publishing
_c2006
300 _a176p.
_ccm.
500 _aAppendix 123- 130p.; Glossary 135- 166p.; References 168- 169p.; Index 172- 176p.
650 _a Global positioning systems
650 _a GPS Principles
650 _aGeology
700 _a R Narayanakumar
942 _hU188, P6
_cTEXL
_2CC
999 _c17354
_d17354